Ulice Nowej Pragi - Statystyki

Ogólne statystyki
  • Ten quiz został rozwiązany 9 razy
  • Średni wynik to 18 z 53
Statystyki odpowiedzi
Odpowiedź % Poprawnych
Ulica wileńska
100%
Rondo starzyńskiego
83%
Ulica starzyńskiego
83%
Ulica szwedzka
83%
Ulica targowa
83%
Ulica 11 listopada
67%
Plac hallera
67%
Ulica inżynierska
67%
Ulica bródnowska
50%
Ulica czynszowa
50%
Ulica jagiellońska
50%
Ulica konopacka
50%
Ulica mała
50%
Ulica namysłowska
50%
Ulica ratuszowa
50%
Aleja solidarności
50%
Ulica środkowa
50%
Ulica stalowa
50%
Ulica brechta
33%
Ulica cyryla i metodego
33%
Ulica dąbrowszczaków
33%
Ulica burdzińskiego
33%
Ulica harnasie
33%
Ulica młota
33%
Park praski
33%
Ulica rzeszotarskiej
33%
Ulica skoczylasa
33%
Ulica strzelecka
33%
Ulica szanajcy
33%
Ulica wybrzeże helskie
33%
Ulica borowskiego
17%
Ulica darwina
17%
Ulica równa
17%
Ulica groszkowskiego
17%
Ulica kamienna
17%
Ulica kosmowskiej
17%
Ulica kowelska
17%
Ulica kowieńska
17%
Ulica lęborska
17%
Ulica letnia
17%
Ulica linneusza
17%
Ulica nusbauma-hilarowicza
17%
Ulica stolarska
17%
Ulica szymanowskiego
17%
Plac wileński
17%
Ulica zaokopowa
17%
Ulica kameralna
0%
Ulica kameralna
0%
Aleja lisieckiego ,,dziadka''
0%
Ulica łukasińskiego
0%
Skwer niedzielaka
0%
Ulica świeża
0%
Skwer żurowskiego
0%
Nie znaleziono quizów pasujących do podanych kryteriów
Rozkład punktacji
Procent ludzi z każdym wynikiem
Percentyl według liczby udzielonych odpowiedzi
Twoja historia wyników
Nie rozwiązałeś tego quizu